[Event "XXVII Festival Conca della Presolana A"]
[Site "Bratto - Castione della Presolana ITA"]
[Date "2007.08.28"]
[Round "6"]
[White "Bruno, Fabio"]
[Black "Dervishi, Erald"]
[Result "1-0"]
[WhiteElo "2443"]
[BlackElo "2553"]
[PlyCount "105"]
[EventDate "2007.08.23"]

1. Nf3 Nf6 2. c4 e6 3. g3 b6 4. Bg2 Bb7 5. O-O Be7 6. Nc3 O-O 7. Re1 d5 8. Ne5
c5 9. d4 Na6 10. cxd5 exd5 11. Bf4 Ne4 12. Nxe4 dxe4 13. dxc5 Nxc5 14. Qc2 Rc8
15. Red1 Qe8 16. Bh3 Ne6 17. Qb3 Nxf4 18. gxf4 Rc7 19. Rd7 Qb8 20. Rad1 Bc8 21.
Nxf7 h6 22. Nxh6+ Kh7 23. Bf5+ Rxf5 24. Nxf5 Rxd7 25. Rxd7 Bxd7 26. Qh3+ Bh4
27. Qxh4+ Kg8 28. Qg5 Qf8 29. Ne7+ Kf7 30. Ng6 Qc8 31. Ne5+ Kg8 32. Kg2 Bh3+
33. Kg3 Bf1 34. f5 Qf8 35. Ng6 Qb8+ 36. Qf4 Qe8 37. Qe5 Qxe5+ 38. Nxe5 Bxe2 39.
Kf4 Kf8 40. Kxe4 Bb5 41. Ng6+ Kf7 42. Ke5 Bc4 43. a3 Bd3 44. Nf4 Bc2 45. Ne6 a5
46. Ng5+ Ke7 47. Ne4 Kd7 48. f6 gxf6+ 49. Nxf6+ Kc6 50. Ne4 b5 51. h4 Bd1 52.
b4 axb4 53. axb4 1-0

[Event "XXVII Festival Conca della Presolana A"]
[Site "Bratto - Castione della Presolana ITA"]
[Date "2007.08.28"]
[Round "6"]
[White "Campomori, Bruno"]
[Black "Andreolini, Mauro"]
[Result "1/2-1/2"]
[WhiteElo "2043"]
[BlackElo "2219"]
[PlyCount "69"]
[EventDate "2007.08.23"]

1. e4 c5 2. Nf3 d6 3. d4 cxd4 4. Nxd4 Nf6 5. Nc3 a6 6. f3 e5 7. Nb3 Be7 8. Be3
Be6 9. Qd2 Nc6 10. O-O-O O-O 11. Nd5 Bxd5 12. exd5 Nb8 13. g4 Nbd7 14. Qf2 Qc7
15. Kb1 b5 16. g5 Nh5 17. h4 a5 18. Nd2 b4 19. Rg1 a4 20. Rg4 Rfc8 21. Rc4 Qb7
22. Ne4 Nf4 23. Bxf4 exf4 24. Rxc8+ Rxc8 25. Bh3 b3 26. cxb3 axb3 27. a3 Rc2
28. Rd2 Rxd2 29. Qxd2 Ne5 30. Nc3 Qb6 31. Qd1 Nc4 32. Bf1 Ne3 33. Qd3 f5 34.
Be2 g6 35. Qb5 1/2-1/2

[Event "XXVII Festival Conca della Presolana A"]
[Site "Bratto - Castione della Presolana ITA"]
[Date "2007.08.28"]
[Round "6"]
[White "Canova, Luca"]
[Black "Cugini, Verter"]
[Result "1/2-1/2"]
[WhiteElo "2082"]
[BlackElo "2199"]
[PlyCount "159"]
[EventDate "2007.08.23"]

1. d4 d6 2. e4 Nf6 3. Nc3 g6 4. f3 Bg7 5. Be3 c6 6. Qd2 b5 7. Bh6 Bxh6 8. Qxh6
e5 9. O-O-O Qe7 10. dxe5 dxe5 11. Bxb5 cxb5 12. Nxb5 Bd7 13. Nc7+ Kd8 14. Nxa8
Kc8 15. Qe3 Bc6 16. Nb6+ axb6 17. Qxb6 Nfd7 18. Qa7 Bb7 19. h4 Nc6 20. Qe3 Kc7
21. Ne2 Ra8 22. a3 Nb6 23. Qb3 Na5 24. Qc3+ Nac4 25. h5 Bc8 26. hxg6 hxg6 27.
Rh8 Ra5 28. Rdd8 Be6 29. Rhe8 Qxd8 30. Rxd8 Kxd8 31. Qb4 Ra6 32. Qf8+ Kc7 33.
Qc5+ Kb7 34. Nc3 Nd7 35. Qe7 Rb6 36. b3 Na5 37. Na4 Rc6 38. Qb4+ Ka6 39. Kb2
Nb7 40. c4 Nd6 41. g4 f5 42. exf5 gxf5 43. g5 Bf7 44. Nc3 Be8 45. Nd5 e4 46.
fxe4 fxe4 47. g6 Bxg6 48. Ne7 Nxc4+ 49. Ka2 Nce5 50. Nxc6 Nxc6 51. Qd6 Nde5 52.
b4 Bf7+ 53. Kb1 Bb3 54. Qc5 Ba4 55. Qe3 Nc4 56. Qe2 Bc2+ 57. Kc1 Bd3 58. Qh5
Nxa3 59. Qc5 Kb7 60. Kd1 Nb5 61. Kd2 Nbd4 62. Qc3 Nf3+ 63. Ke3 Nfe5 64. b5 Ng4+
65. Kf4 Nce5 66. Qc5 e3 67. b6 e2 68. Qc7+ Ka6 69. Qa7+ Kb5 70. b7 Nc6 71. Qa1
Nf6 72. Ke3 Bc4 73. Qb1+ Kc5 74. Kd2 Nd7 75. Qf5+ Kd6 76. Qf4+ Nde5 77. Qf8+
Kd5 78. Qg8+ Kd4 79. Qg1+ Kd5 80. Qg8+ 1/2-1/2

[Event "XXVII Festival Conca della Presolana A"]
[Site "Bratto - Castione della Presolana ITA"]
[Date "2007.08.28"]
[Round "6"]
[White "Capece, Adolivio"]
[Black "Pagnoncelli, Marco"]
[Result "1-0"]
[WhiteElo "2049"]
[BlackElo "2129"]
[PlyCount "67"]
[EventDate "2007.08.23"]

1. e4 c5 2. Nc3 Nc6 3. Nf3 g6 4. g3 Bg7 5. Bg2 e6 6. d3 d6 7. Be3 Nge7 8. Qd2
Nd4 9. Nd1 Nec6 10. c3 Nxf3+ 11. Bxf3 Ne5 12. Be2 h5 13. h3 Qf6 14. f4 Nc6 15.
Rf1 e5 16. fxe5 Qxe5 17. Bf4 Qe7 18. Ne3 Bxh3 19. Nd5 Qd7 20. Rf2 Be6 21. Bg5
Bxd5 22. exd5 Ne7 23. O-O-O O-O 24. Rh2 f6 25. Bh6 Nf5 26. Bxg7 Nxg7 27. g4
hxg4 28. Rg1 f5 29. Qg5 Qf7 30. Rgh1 Qe8 31. Bxg4 fxg4 32. Rh8+ Kf7 33. Rf1+
Nf5 34. Rxf5+ 1-0

[Event "XXVII Festival Conca della Presolana A"]
[Site "Bratto - Castione della Presolana ITA"]
[Date "2007.08.28"]
[Round "6"]
[White "Carosso, Andrea"]
[Black "Tramalloni, Luca"]
[Result "1/2-1/2"]
[WhiteElo "2046"]
[BlackElo "2111"]
[PlyCount "86"]
[EventDate "2007.08.23"]

1. c4 b6 2. d4 Bb7 3. Nc3 e6 4. a3 f5 5. Nf3 Nf6 6. Bf4 Nh5 7. Bd2 Be7 8. Qc2
Nf6 9. O-O-O Ne4 10. Be1 Bf6 11. e3 d6 12. Nd2 Nxc3 13. bxc3 Nd7 14. f3 Qe7 15.
Bg3 O-O-O 16. Bd3 g5 17. e4 f4 18. Bf2 Qg7 19. a4 c5 20. Nb3 a5 21. Kb2 h5 22.
Rhe1 e5 23. d5 Rdg8 24. Ka3 g4 25. Be2 g3 26. hxg3 fxg3 27. Be3 Bg5 28. Qd2 Nf8
29. Rh1 h4 30. f4 Bxf4 31. Bxf4 exf4 32. Qxf4 Kc7 33. Rdf1 Nd7 34. Rxh4 Rxh4
35. Qxh4 Qxc3 36. Rf7 Rg7 37. Qe7 Rxf7 38. Qxf7 Bc8 39. Qe7 Qf6 40. Qh7 Kb8 41.
Bg4 Nf8 42. Bf3 Nd7 43. Bg4 Nf8 1/2-1/2

[Event "XXVII Festival Conca della Presolana A"]
[Site "Bratto - Castione della Presolana ITA"]
[Date "2007.08.28"]
[Round "6"]
[White "Castelfranchi, Carlo"]
[Black "Esplugas Esteve, Vicenc"]
[Result "0-1"]
[WhiteElo "2114"]
[BlackElo "2012"]
[PlyCount "74"]
[EventDate "2007.08.23"]

1. e4 e6 2. d4 d5 3. Nd2 Be7 4. Ngf3 Nf6 5. e5 Nfd7 6. Bd3 c5 7. c3 Nc6 8. O-O
g5 9. dxc5 g4 10. Nd4 Ndxe5 11. Bc2 Bxc5 12. N2b3 Bd6 13. f4 gxf3 14. Nxf3 Qc7
15. Ng5 h5 16. Nxf7 Nxf7 17. Bg6 Nce5 18. Bxh5 Bd7 19. Bg5 Be7 20. Bf4 Qb6+ 21.
Nd4 O-O-O 22. Be3 Rdf8 23. Qe2 Qc7 24. Bf4 Bd6 25. Rae1 Nd3 26. Nxe6 Nxf4 27.
Rxf4 Qb6+ 28. Rd4 Bxh2+ 29. Kxh2 Qxe6 30. Kg1 Rxh5 31. Qxe6 Bxe6 32. Rxe6 Rf5
33. g4 Rg5 34. Rf6 Kd7 35. Rdf4 Ke7 36. Kf2 Rg7 37. Ke1 37... Rd8 {...} 0-1

[Event "XXVII Festival Conca della Presolana A"]
[Site "Bratto - Castione della Presolana ITA"]
[Date "2007.08.28"]
[Round "6"]
[White "Cebalo, Miso"]
[Black "Siebrecht, Sebastian"]
[Result "1/2-1/2"]
[WhiteElo "2533"]
[BlackElo "2431"]
[PlyCount "71"]
[EventDate "2007.08.23"]

1. d4 d5 2. c4 c6 3. Nf3 Nf6 4. Nc3 e6 5. Bg5 h6 6. Bxf6 Qxf6 7. e3 Nd7 8. Bd3
dxc4 9. Bxc4 g6 10. O-O Bg7 11. Qe2 O-O 12. Rad1 Qe7 13. Rfe1 Rd8 14. a3 c5 15.
Ba2 Rb8 16. dxc5 Qxc5 17. Rd3 Rf8 18. Red1 b5 19. b4 Qc7 20. Qd2 Nf6 21. Rc1
Qe7 22. e4 a6 23. h3 Bb7 24. e5 Ne4 25. Nxe4 Bxe4 26. Rd7 Qe8 27. Rd6 Bxf3 28.
gxf3 Bxe5 29. Rxa6 Qe7 30. Rc5 Qf6 31. Qe2 Bd4 32. Rcc6 Qg5+ 33. Kh1 Rfd8 34.
Rc2 Rbc8 35. Rac6 Rxc6 36. Rxc6 {...} 1/2-1/2

[Event "XXVII Festival Conca della Presolana A"]
[Site "Bratto - Castione della Presolana ITA"]
[Date "2007.08.28"]
[Round "6"]
[White "Chierici, Marianna"]
[Black "Buono, Michele"]
[Result "0-1"]
[WhiteElo "2004"]
[BlackElo "2170"]
[PlyCount "92"]
[EventDate "2007.08.23"]

1. e4 Nf6 2. e5 Nd5 3. d4 d6 4. exd6 cxd6 5. Nf3 g6 6. c4 Nb6 7. Nc3 Bg7 8. b3
d5 9. c5 N6d7 10. Qd2 O-O 11. Bb2 Nc6 12. Rd1 Nf6 13. Be2 Bf5 14. O-O Qc7 15.
b4 a6 16. a3 Rfd8 17. Rfe1 Ne4 18. Qe3 Nxc3 19. Bxc3 Re8 20. Bf1 Rad8 21. a4
Bg4 22. b5 Nb8 23. Rb1 Bxf3 24. gxf3 axb5 25. Rxb5 Nc6 26. Reb1 Rb8 27. f4 Bh6
28. Bd2 e5 29. dxe5 Rxe5 30. Qg3 Re4 31. Bg2 Nd4 32. Qh3 Re2 33. Qxh6 Nxb5 34.
axb5 Qxc5 35. Be3 d4 36. Rc1 Rc2 37. Rxc2 Qxc2 38. f5 dxe3 39. fxe3 Qxf5 40.
Qf4 Qxf4 41. exf4 b6 42. Kf2 Kf8 43. Ke3 Ke7 44. Kd4 Kd6 45. Bd5 f6 46. Be4 Re8
0-1

[Event "XXVII Festival Conca della Presolana A"]
[Site "Bratto - Castione della Presolana ITA"]
[Date "2007.08.28"]
[Round "6"]
[White "Chkhaidze, Nikoloz"]
[Black "David, Alberto"]
[Result "1/2-1/2"]
[WhiteElo "2183"]
[BlackElo "2529"]
[PlyCount "41"]
[EventDate "2007.08.23"]

1. e4 c5 2. Nf3 e6 3. d4 cxd4 4. Nxd4 a6 5. Nc3 Qc7 6. Be3 Nf6 7. f3 Bb4 8.
Nde2 d5 9. a3 Bxc3+ 10. Nxc3 dxe4 11. fxe4 O-O 12. Bd3 b5 13. O-O Nbd7 14. Qe1
Ng4 15. Bf4 Qb6+ 16. Kh1 Nge5 17. Qg3 f6 18. Rad1 Bb7 19. Rd2 Rac8 20. Be2 Qc7
21. Rfd1 1/2-1/2

[Event "XXVII Festival Conca della Presolana A"]
[Site "Bratto - Castione della Presolana ITA"]
[Date "2007.08.28"]
[Round "6"]
[White "Cordara, Michele"]
[Black "Gasperoni, Stefano"]
[Result "1-0"]
[WhiteElo "2151"]
[BlackElo "2024"]
[PlyCount "37"]
[EventDate "2007.08.23"]

1. c4 Nf6 2. Nf3 c5 3. g3 d5 4. cxd5 Nxd5 5. b3 Nc6 6. Bb2 f6 7. Bg2 e5 8. d3
Be7 9. O-O O-O 10. Nc3 Nc7 11. Nd2 Ne6 12. Rc1 Bd7 13. Nc4 Kh8 14. e3 Rc8 15.
f4 exf4 16. gxf4 b6 17. Rf3 Be8 18. Rh3 Bg6 19. Qg4 1-0

[Event "XXVII Festival Conca della Presolana A"]
[Site "Bratto - Castione della Presolana ITA"]
[Date "2007.08.28"]
[Round "6"]
[White "Danieli, Enrico"]
[Black "Piscopo, Pierluigi"]
[Result "0-1"]
[WhiteElo "2117"]
[BlackElo "2392"]
[PlyCount "94"]
[EventDate "2007.08.23"]

1. d4 Nf6 2. Nf3 g6 3. Nc3 Bg7 4. e4 d6 5. Be2 O-O 6. O-O Nbd7 7. e5 Ne8 8. Re1
c5 9. exd6 Nxd6 10. Bg5 h6 11. dxc5 Nxc5 12. Bf4 Be6 13. Be5 Bxe5 14. Nxe5 Nf5
15. Bg4 a5 16. Qc1 Kg7 17. Bxf5 Bxf5 18. Qe3 Rc8 19. Rad1 Qe8 20. Rd5 b6 21.
Nc4 Qc6 22. Qd4+ Kg8 23. Rxf5 Ne6 24. Qe3 Qxc4 25. Re5 Rc5 26. Rxc5 Qxc5 27.
Qxh6 Rd8 28. Rxe6 Qxc3 29. Qc1 Qxb2 30. Re1 Qxa2 31. Rxe7 Qd5 32. Re1 b5 33. h3
a4 34. Qb2 Ra8 35. Re5 a3 36. Qa1 Qc4 37. h4 b4 38. h5 Qxc2 39. hxg6 Qxg6 40.
Re3 Qg7 41. Qa2 Qd4 42. Rg3+ Kf8 43. Rh3 Ra7 44. Rb3 Ra6 45. Rh3 Rd6 46. Kh2
Qf4+ 47. g3 Rd2 0-1

[Event "XXVII Festival Conca della Presolana A"]
[Site "Bratto - Castione della Presolana ITA"]
[Date "2007.08.28"]
[Round "6"]
[White "Djabri, Zafer M."]
[Black "Pulvirenti, Gianni"]
[Result "1-0"]
[WhiteElo "2091"]
[BlackElo "1987"]
[PlyCount "105"]
[EventDate "2007.08.23"]

1. c4 b6 2. Nc3 Bb7 3. e4 e5 4. g3 Nf6 5. Bg2 Nc6 6. Nge2 Bc5 7. O-O O-O 8. a3
a5 9. Rb1 d6 10. d3 h6 11. h3 Nh7 12. Nd5 Nd4 13. Nec3 Ne6 14. Ne3 Nf6 15. Kh2
c6 16. Ne2 Kh7 17. f4 Nd4 18. b4 axb4 19. axb4 Nxe2 20. Qxe2 Bd4 21. Nf5 Qc7
22. fxe5 dxe5 23. Nxh6 Ng8 24. Nxf7 Rxf7 25. Qh5+ Nh6 26. Bxh6 Raf8 27. Bd2+
Kg8 28. Rf5 Bc8 29. Rxf7 Rxf7 30. Re1 Qd7 31. Rf1 Rxf1 32. Bxf1 Qf7 33. Qxf7+
Kxf7 34. Kg2 Kf6 35. Kf3 g5 36. h4 g4+ 37. Ke2 Be6 38. Bg5+ Kg6 39. Be3 c5 40.
Bxd4 exd4 41. Kd2 Kf6 42. bxc5 bxc5 43. Be2 Ke5 44. Bd1 Bd7 45. Kc1 Kd6 46. Kb2
Be6 47. Ba4 Bf7 48. Ka3 Bg6 49. Bd1 Bh5 50. Ka4 Be8+ 51. Ka5 Bd7 52. Kb6 Be6
53. h5 1-0

[Event "XXVII Festival Conca della Presolana A"]
[Site "Bratto - Castione della Presolana ITA"]
[Date "2007.08.28"]
[Round "6"]
[White "Efimov, Igor"]
[Black "Tatai, Stefano"]
[Result "1-0"]
[WhiteElo "2426"]
[BlackElo "2334"]
[PlyCount "113"]
[EventDate "2007.08.23"]

1. d4 Nf6 2. Nf3 e6 3. c4 b6 4. Bg5 h6 5. Bh4 Bb4+ 6. Nfd2 Bb7 7. f3 d5 8. Qa4+
Nc6 9. cxd5 exd5 10. e3 a6 11. Nc3 Be7 12. Bd3 O-O 13. O-O Ne8 14. Bf2 Nb4 15.
Bb1 c5 16. dxc5 bxc5 17. a3 Nc6 18. Qc2 Nf6 19. e4 Nd4 20. Bxd4 cxd4 21. e5
dxc3 22. exf6 Bc5+ 23. Kh1 g6 24. Qxc3 Qb6 25. Nb3 Be3 26. Na5 Rac8 27. Qb4 Ba8
28. Bd3 Qxf6 29. Rae1 Bc5 30. Qd2 Kg7 31. Re2 Rfe8 32. Rfe1 Red8 33. f4 Rb8 34.
f5 g5 35. b4 Bd4 36. Qd1 Bc3 37. Rf1 Re8 38. Nb3 d4 39. Nc5 Rxe2 40. Qxe2 Bc6
41. Bxa6 Re8 42. Qh5 d3 43. Bxd3 Re3 44. b5 Ba8 45. Nd7 Qe7 46. f6+ Bxf6 47.
Nxf6 Rxd3 48. Ng4 Rd6 49. Ne3 Be4 50. Qe2 Re6 51. Qb2+ Kh7 52. Qf2 Bg6 53. Nd5
Qxa3 54. Qd4 Bf5 55. Kg1 Qd3 56. Qc5 Kg7 57. Nb4 1-0

[Event "XXVII Festival Conca della Presolana A"]
[Site "Bratto - Castione della Presolana ITA"]
[Date "2007.08.28"]
[Round "6"]
[White "Fierro Baquero, Martha Lorena"]
[Black "Stella, Andrea"]
[Result "1-0"]
[WhiteElo "2344"]
[BlackElo "2132"]
[PlyCount "67"]
[EventDate "2007.08.23"]

1. e4 e6 2. d4 d5 3. Nd2 c5 4. Ngf3 cxd4 5. exd5 Qxd5 6. Bc4 Qd6 7. O-O Nf6 8.
Bb5+ Bd7 9. Nc4 Qc7 10. Bxd7+ Nbxd7 11. Qxd4 Rc8 12. b3 Bc5 13. Qh4 O-O 14. Bf4
Qc6 15. Rad1 Rfd8 16. Bd6 b5 17. Nce5 Nxe5 18. Nxe5 Qe4 19. Qxe4 Nxe4 20. Bxc5
Nxc5 21. Nc6 Re8 22. Nxa7 Ra8 23. Nxb5 Rxa2 24. b4 Rxc2 25. Nd4 Rc4 26. bxc5
Rxc5 27. Nf3 g6 28. Rd7 Kg7 29. h4 h6 30. Re1 e5 31. Nd2 Re6 32. Ne4 Rc4 33.
Nd6 Rxh4 34. g3 1-0

[Event "XXVII Festival Conca della Presolana A"]
[Site "Bratto - Castione della Presolana ITA"]
[Date "2007.08.28"]
[Round "6"]
[White "Fontana, Enrico"]
[Black "Madiai, Federico"]
[Result "1/2-1/2"]
[WhiteElo "2128"]
[BlackElo "2044"]
[PlyCount "86"]
[EventDate "2007.08.23"]

1. d4 Nf6 2. Nf3 g6 3. Nbd2 d5 4. e3 Bg7 5. Be2 c5 6. c3 Nc6 7. O-O O-O 8. a3
c4 9. b4 cxb3 10. Qxb3 Na5 11. Qb4 b6 12. Re1 Bb7 13. Ne5 Rc8 14. Bb2 Ne8 15.
Rac1 Nd6 16. c4 Naxc4 17. Nexc4 dxc4 18. Nxc4 Nxc4 19. Bxc4 Qd7 20. Qb5 Qxb5
21. Bxb5 Rfd8 22. f3 e6 23. Red1 Bf8 24. Kf2 Bd6 25. h3 Kf8 26. Rxc8 Rxc8 27.
Rc1 Rxc1 28. Bxc1 e5 29. dxe5 Bxe5 30. e4 Ke7 31. Bc4 a6 32. Be3 b5 33. Bc5+
Kf6 34. Bb3 g5 35. Ke3 Bc8 36. a4 Be6 37. Bxe6 Kxe6 38. axb5 axb5 39. g4 Bc3
40. Kd3 b4 41. Bb6 Be1 42. Kc4 Bc3 43. Be3 f6 1/2-1/2

[Event "XXVII Festival Conca della Presolana A"]
[Site "Bratto - Castione della Presolana ITA"]
[Date "2007.08.28"]
[Round "6"]
[White "Godena, Michele"]
[Black "Tocchioni, Doriano"]
[Result "1-0"]
[WhiteElo "2547"]
[BlackElo "2261"]
[PlyCount "73"]
[EventDate "2007.08.23"]

1. e4 Nf6 2. e5 Nd5 3. d4 d6 4. Nf3 Bf5 5. Bd3 Qd7 6. O-O Bxd3 7. Qxd3 e6 8. c4
Nb6 9. exd6 cxd6 10. Nc3 Be7 11. d5 exd5 12. Nxd5 Nxd5 13. Qxd5 Nc6 14. Bf4 Qe6
15. Rfe1 Qxd5 16. cxd5 Ne5 17. Nxe5 dxe5 18. Bxe5 Kd7 19. Bxg7 Rhg8 20. Bc3 Bd6
21. Re3 Rg5 22. Rf3 Rf8 23. Rd1 f5 24. Re3 Rfg8 25. g3 f4 26. Re6 h5 27. Rh6
Rf5 28. Rh7+ Kc8 29. Rh8 Rxh8 30. Bxh8 Kd7 31. Rd3 h4 32. g4 Rf8 33. Bc3 f3 34.
h3 b6 35. Kf1 Rf4 36. g5 Rf5 37. g6 1-0

[Event "XXVII Festival Conca della Presolana A"]
[Site "Bratto - Castione della Presolana ITA"]
[Date "2007.08.28"]
[Round "6"]
[White "Griffa, Roberto"]
[Black "Di Lascio, Savino"]
[Result "1-0"]
[WhiteElo "2121"]
[BlackElo "2014"]
[PlyCount "62"]
[EventDate "2007.08.23"]

1. d4 Nf6 2. Nf3 e6 3. Bg5 d5 4. Nbd2 Be7 5. e3 Nbd7 6. Bd3 b6 7. O-O Bb7 8. c3
Ne4 9. Bxe7 Qxe7 10. Ne5 Nxd2 11. Qxd2 Nxe5 12. dxe5 Rd8 13. Qc2 a6 14. Bxa6
Bxa6 15. Qa4+ c6 16. Qxa6 Qc7 17. a4 O-O 18. f4 Ra8 19. Qd3 c5 20. b3 Rfd8 21.
Rfd1 Qc6 22. Qb5 Qc7 23. b4 Rdb8 24. e4 cxb4 25. cxb4 Qc3 26. exd5 Qe3+ 27. Kh1
Rc8 28. dxe6 fxe6 29. Qd7 Rc2 30. Qxe6+ Kh8 31. Qd5 Rac8 1-0

[Event "XXVII Festival Conca della Presolana A"]
[Site "Bratto - Castione della Presolana ITA"]
[Date "2007.08.28"]
[Round "6"]
[White "Guido, Flavio"]
[Black "Radice, Luca"]
[Result "1-0"]
[WhiteElo "2331"]
[BlackElo "2056"]
[PlyCount "75"]
[EventDate "2007.08.23"]

1. e4 e6 2. d4 d5 3. e5 c5 4. c3 Nc6 5. Nf3 Bd7 6. Be2 f6 7. O-O fxe5 8. Nxe5
Nxe5 9. dxe5 Qc7 10. c4 d4 11. f4 Nh6 12. Nd2 Be7 13. Ne4 Nf5 14. Bd3 O-O-O 15.
a3 g5 16. Nxg5 Bxg5 17. fxg5 Qxe5 18. Bf4 Qg7 19. Qe1 Rhg8 20. Qa5 Bc6 21. Qxa7
Nd6 22. Qxc5 e5 23. Qxe5 Qxe5 24. Bxe5 Rxg5 25. Bg3 Re8 26. Rae1 Ne4 27. Rf4
Nxg3 28. Rxe8+ Bxe8 29. hxg3 Rxg3 30. Rxd4 Bc6 31. Bf1 Rb3 32. Rd2 Be4 33. Kf2
Kc7 34. Be2 Kb6 35. Bd1 Rd3 36. Rxd3 Bxd3 37. Be2 Bc2 38. b4 1-0

[Event "XXVII Festival Conca della Presolana A"]
[Site "Bratto - Castione della Presolana ITA"]
[Date "2007.08.28"]
[Round "6"]
[White "Horvath, Csaba"]
[Black "Drabke, Lorenz Maximilian"]
[Result "1/2-1/2"]
[WhiteElo "2558"]
[BlackElo "2416"]
[PlyCount "29"]
[EventDate "2007.08.23"]

1. e4 d5 2. exd5 Qxd5 3. Nc3 Qa5 4. d4 c6 5. Bd2 Nf6 6. Bc4 Qb6 7. Nf3 Qxb2 8.
O-O e6 9. Ne5 Be7 10. Rb1 Qa3 11. Qf3 O-O 12. Qg3 Nbd7 13. Be2 Nb6 14. Bh6 Ne8
15. Bf4 1/2-1/2

[Event "XXVII Festival Conca della Presolana A"]
[Site "Bratto - Castione della Presolana ITA"]
[Date "2007.08.28"]
[Round "6"]
[White "Isonzo, David"]
[Black "Valsecchi, Alessio"]
[Result "1-0"]
[WhiteElo "2356"]
[BlackElo "2175"]
[PlyCount "101"]
[EventDate "2007.08.23"]

1. e4 c5 2. Nf3 Nc6 3. Bb5 g6 4. Bxc6 dxc6 5. d3 Bg7 6. h3 e5 7. Be3 Qe7 8.
Nbd2 Nf6 9. O-O O-O 10. Nc4 Ne8 11. a3 Nc7 12. Qd2 Nb5 13. Bh6 Bxh6 14. Qxh6 f6
15. a4 Nd4 16. Nxd4 cxd4 17. f4 Bd7 18. fxe5 fxe5 19. Qd2 b5 20. Na5 Qh4 21.
Rf2 g5 22. Nb3 Rf4 23. Nc5 Bxh3 24. gxh3 Raf8 25. Rxf4 Rxf4 26. Qg2 g4 27. Rf1
h5 28. Ne6 Rf6 29. hxg4 Rxf1+ 30. Kxf1 Qf6+ 31. Ke2 Qxe6 32. gxh5+ Kh7 33. Qg5
Qh6 34. Qf5+ Kg8 35. Qc8+ Kh7 36. Qc7+ Kg8 37. Qd8+ Kh7 38. Qe7+ Kg8 39. Qe8+
Kh7 40. Qf7+ Kh8 41. Kf3 Qg5 42. a5 c5 43. Qf5 Qe7 44. a6 Qd6 45. Kg4 c4 46.
Kg5 b4 47. b3 cxd3 48. cxd3 Qxa6 49. Qf8+ Kh7 50. Qf7+ Kh8 51. h6 1-0

[Event "XXVII Festival Conca della Presolana A"]
[Site "Bratto - Castione della Presolana ITA"]
[Date "2007.08.28"]
[Round "6"]
[White "Jablon, Stephen"]
[Black "Zoldan, Matteo"]
[Result "0-1"]
[WhiteElo "2024"]
[BlackElo "2128"]
[PlyCount "52"]
[EventDate "2007.08.23"]

1. f4 c5 2. Nf3 g6 3. d4 cxd4 4. Qxd4 Nf6 5. e4 Nc6 6. Qa4 Bg7 7. Nc3 O-O 8. e5
Ne8 9. h4 d6 10. h5 dxe5 11. hxg6 fxg6 12. Ng5 exf4 13. Nxh7 Rf5 14. Bxf4 Nd4
15. O-O-O Rxf4 16. Bc4+ e6 17. Nb5 Bd7 18. c3 Qc8 19. cxd4 a6 20. Qc2 axb5 21.
Qxg6 Qxc4+ 22. Kb1 Qxa2+ 23. Kc1 Rc8+ 24. Kd2 Qxb2+ 25. Ke3 Qf2+ 26. Kd3 Rxd4#
0-1

[Event "XXVII Festival Conca della Presolana A"]
[Site "Bratto - Castione della Presolana ITA"]
[Date "2007.08.28"]
[Round "6"]
[White "Lampl, Gerald"]
[Black "Bracaglia, Carlo"]
[Result "0-1"]
[WhiteElo "2099"]
[BlackElo "2134"]
[PlyCount "102"]
[EventDate "2007.08.23"]

1. d4 Nf6 2. c4 c5 3. d5 e6 4. Nc3 exd5 5. cxd5 d6 6. e4 g6 7. Bd3 Bg7 8. Nge2
O-O 9. O-O a6 10. a4 Qc7 11. Ng3 Nbd7 12. Be2 Re8 13. Be3 h5 14. f3 Nf8 15. h3
N8h7 16. Bc4 Qe7 17. Qd2 Bd7 18. Nh1 h4 19. Rae1 Nh5 20. f4 b5 21. axb5 axb5
22. Be2 b4 23. Nd1 Ng3 24. Nxg3 hxg3 25. Bf3 Bb5 26. e5 Bxf1 27. Rxf1 Rad8 28.
Qc2 dxe5 29. fxe5 Bxe5 30. Qxc5 Qxc5 31. Bxc5 Nf6 32. Bxb4 Bd4+ 33. Kh1 Nxd5
34. Be1 Be5 35. Nc3 Nxc3 36. Bxc3 Bxc3 37. bxc3 Re3 38. c4 Kg7 39. Bd5 f5 40.
Bf3 Rc3 41. Bd5 Rb8 42. Kg1 Rb2 43. Ra1 Kf6 44. Re1 Kg5 45. Rf1 Rbc2 46. Bf7
Rc1 47. Bd5 Kh4 48. Bf7 Kg5 49. Bd5 Kf6 50. Bg8 Ke5 51. c5 Kd4 0-1

[Event "XXVII Festival Conca della Presolana A"]
[Site "Bratto - Castione della Presolana ITA"]
[Date "2007.08.28"]
[Round "6"]
[White "Lanzani, Mario"]
[Black "Pomaro, Alberto"]
[Result "1-0"]
[WhiteElo "2336"]
[BlackElo "2149"]
[PlyCount "93"]
[EventDate "2007.08.23"]

1. c4 Nf6 2. Nc3 g6 3. e4 d6 4. d4 Bg7 5. Nge2 O-O 6. Ng3 e5 7. d5 c6 8. Be2
cxd5 9. cxd5 a6 10. O-O Nbd7 11. Be3 h5 12. Bg5 Qe8 13. Rc1 Nh7 14. Be3 Bf6 15.
Qd2 Qd8 16. b4 h4 17. Nh1 Bg5 18. Bxg5 Nxg5 19. a4 f5 20. exf5 gxf5 21. f4 Qb6+
22. Nf2 Ne4 23. Ncxe4 fxe4 24. Kh1 e3 25. Qd3 exf2 26. Qg6+ Kh8 27. Qh6+ Kg8
28. Qg5+ Kh8 29. Qxh4+ Kg7 30. Qg5+ Kh8 31. Qh6+ Kg8 32. Qg6+ Kh8 33. Rc3 Nf6
34. Rg3 Qc7 35. fxe5 Nh7 36. e6 b6 37. Qg4 Bb7 38. Qd4+ Rf6 39. Rxf2 Raf8 40.
Rg6 Qe7 41. Bc4 b5 42. axb5 axb5 43. Bb3 Ba8 44. h3 Bb7 45. Kh2 Ba8 46. Rf5 Bb7
47. g4 1-0

[Event "XXVII Festival Conca della Presolana A"]
[Site "Bratto - Castione della Presolana ITA"]
[Date "2007.08.28"]
[Round "6"]
[White "Lapiccirella, Daniele"]
[Black "Brunello, Marina"]
[Result "1-0"]
[WhiteElo "2164"]
[BlackElo "1947"]
[PlyCount "69"]
[EventDate "2007.08.23"]

1. d4 Nf6 2. c4 e6 3. Bg5 d5 4. Nc3 Be7 5. cxd5 exd5 6. e3 c6 7. Bd3 Nbd7 8.
Nf3 O-O 9. Qc2 Re8 10. O-O Nf8 11. h3 Be6 12. Ne5 Ng6 13. f4 Nf8 14. Rae1 Nh5
15. Bxe7 Qxe7 16. Qf2 Nf6 17. f5 Bc8 18. g4 N6d7 19. Nf3 Nb6 20. e4 dxe4 21.
Nxe4 Nd5 22. Nf6+ Nxf6 23. Rxe7 Rxe7 24. Ne5 Nd5 25. Bc4 Nd7 26. Re1 N7b6 27.
Bb3 f6 28. Nxc6 Rxe1+ 29. Qxe1 Kf8 30. Nb4 Nxb4 31. Qxb4+ Ke8 32. a4 Rb8 33. a5
Nd7 34. Qd6 b6 35. Be6 1-0

[Event "XXVII Festival Conca della Presolana A"]
[Site "Bratto - Castione della Presolana ITA"]
[Date "2007.08.28"]
[Round "6"]
[White "Manca, Federico"]
[Black "Kilpatrick, Callum"]
[Result "1/2-1/2"]
[WhiteElo "2417"]
[BlackElo "2120"]
[PlyCount "122"]
[EventDate "2007.08.23"]

1. e4 e5 2. Nf3 Nc6 3. Bb5 a6 4. Ba4 Nf6 5. O-O Be7 6. Re1 b5 7. Bb3 d6 8. c3
O-O 9. h3 Na5 10. Bc2 c5 11. d4 Qc7 12. d5 Bd7 13. Nbd2 c4 14. Nf1 Nb7 15. g4
a5 16. Ng3 g6 17. Bh6 Rfb8 18. Qd2 Ne8 19. Kh1 Nc5 20. Rg1 b4 21. Nf5 Bf6 22.
Ng5 bxc3 23. bxc3 Rb2 24. Qd1 a4 25. Nf3 a3 26. Ne3 Ba4 27. Bxa4 Nxe4 28. Rg2
Nxc3 29. Qc1 Nxa4 30. Nd2 Rc8 31. Ne4 c3 32. Nf5 c2 33. Nfxd6 Nxd6 34. Nxf6+
Kh8 35. Kh2 Ne8 36. Bg5 Qd6 37. Ne4 Qxd5 38. f3 Qe6 39. Rd2 f6 40. Bh6 Rxa2 41.
Rxa2 Qxa2 42. Rd7 Nb6 43. Ra7 Ra8 44. Re7 Qb3 45. Kg3 a2 46. g5 a1=Q 47. Rxe8+
Rxe8 48. Qxa1 Ra8 49. Qg1 f5 50. Qc5 Qe6 51. Qc7 Nd7 52. Nf2 Ra2 53. Nd3 Ra8
54. Kh4 Re8 55. Nf2 Qf7 56. Nd3 Kg8 57. Nf2 Kh8 58. Qxc2 Qe6 59. Qc7 Rg8 60.
Qb7 Rb8 61. Qc7 Rg8 1/2-1/2